Вып. 17; Минувшее; "Украина будет!.."; Записки; Из воспоминаний; Русские женщины; "Дом поэта" Максимилиана Волошина; "Неоценимый подарок"; В чем причина церковной разрухи в 1920-1930 гг.; Записные книжки полковника Г. А. Иванишина
| Parent link: | Минувшее: исторический альманах. Вып. 17.— , 1990-1998.— 5-01-003529-4 |
|---|---|
| Language: | Russian |
| Published: |
1994
|
| TOC: | П. П. Скоропадский, "Украина будет!.."; Я. И. Соммер, Записки; В. Е. Ардов, Из воспоминаний; А. Л. Волынский, Русские женщины; сост. А. Сергеев, А. Тюрин, "Дом поэта" Максимилиана Волошина; сост. К. Барнз, Р. Дэвис, "Неоценимый подарок"; М. П. Чельцов (протоир.), В чем причина церковной разрухи в 1920-1930 гг.; сост. А. Д. Марголис, Н. К. Герасимова, Н. С. Тихонова, Записные книжки полковника Г. А. Иванишина; |
| Subjects: | |
| Format: | Book |
| KOHA link: | https://koha.lib.tpu.ru/cgi-bin/koha/opac-detail.pl?biblionumber=15979 |
MARC
| LEADER | 00000nam2a2200000 4500 | ||
|---|---|---|---|
| 001 | 15979 | ||
| 005 | 20241126063147.0 | ||
| 010 | |a 5850420010 | ||
| 035 | |a (RuTPU)RU\TPU\book\16097 | ||
| 035 | |a BOOK00000785 | ||
| 090 | |a 15979 | ||
| 100 | |a 20011209e1994 km y0rusy50 ca | ||
| 101 | 0 | |a rus | |
| 102 | |a RU | ||
| 105 | |a c z 001zd | ||
| 200 | 0 | |a Вып. 17 | |
| 210 | |d 1994 | ||
| 215 | |a 598 с. |c ил. | ||
| 320 | |a Библиогр. в примеч. | ||
| 320 | |a Указ. имен: с. 575-593. | ||
| 320 | |a Аннотир. указ.: с. 594-595. | ||
| 461 | 1 | |0 (RuTPU)RU\TPU\book\34859 |y 5-01-003529-4 |y 5-85042-001-0 |t Минувшее |o исторический альманах |v Вып. 17 |d 1990-1998 | |
| 464 | |t "Украина будет!.." |o из воспоминаний |o фрагмент |f П. П. Скоропадский | ||
| 464 | |t Записки |f Я. И. Соммер | ||
| 464 | |t Из воспоминаний |o фрагменты |f В. Е. Ардов | ||
| 464 | |t Русские женщины |f А. Л. Волынский | ||
| 464 | |t "Дом поэта" Максимилиана Волошина |f сост. А. Сергеев, А. Тюрин | ||
| 464 | |t "Неоценимый подарок" |o переписка Пастернаков и Ломоносовых (1925-1970) |o окончание |f сост. К. Барнз, Р. Дэвис | ||
| 464 | |t В чем причина церковной разрухи в 1920-1930 гг. |f М. П. Чельцов (протоир.) | ||
| 464 | |t Записные книжки полковника Г. А. Иванишина |o фрагменты |f сост. А. Д. Марголис, Н. К. Герасимова, Н. С. Тихонова | ||
| 600 | 1 | |a Эренбург |b И. Г. |f 1891-1967 |g Илья Григорьевич |c русский писатель |c публицист |2 stltpush |3 (RuTPU)RU\TPU\pers\3653 | |
| 600 | 1 | |a Маяковский |g Владимир Владимирович |b В. В. |c русский поэт |f 1893-1930 |2 stltpush |3 (RuTPU)RU\TPU\pers\1040 | |
| 600 | 1 | |a Есенин |b С. А. |c русский поэт |f 1895-1925 |g Сергей Александрович |2 stltpush |3 (RuTPU)RU\TPU\pers\169 |9 91 | |
| 600 | 1 | |a Мейерхольд |b В. Э. |c российский режиссер |c актер |f 1874-1940 |g Всеволод Эмильевич |c педагог |2 stltpush |3 (RuTPU)RU\TPU\pers\13438 | |
| 600 | 1 | |a Волошин |b М. А. |c российский поэт, художественный критик, художник |f 1877-1932 |g Максимилиан Александрович |c настоящая фамилия Кириенко-Волошин |2 stltpush |3 (RuTPU)RU\TPU\pers\12263 | |
| 600 | 1 | |a Пастернак |b Б. Л. |c русский писатель |c поэт |f 1890-1960 |g Борис Леонидович |2 stltpush |3 (RuTPU)RU\TPU\pers\456 |9 223 | |
| 606 | |a Россия |x История |7 ca |8 rus |9 81526 | ||
| 610 | 1 | |a культура | |
| 610 | 1 | |a СССР | |
| 610 | 1 | |a религия | |
| 610 | 1 | |a архивы исторические | |
| 610 | 1 | |a 20 век | |
| 610 | 1 | |a альманахи | |
| 610 | 1 | |a литературоведение | |
| 610 | 1 | |a персоналии | |
| 686 | |a Т3(2) |2 rubbk | ||
| 801 | 0 | |a RU |b 63413507 |c 20011209 |g PSBO | |
| 801 | 2 | |a RU |b 63413507 |c 20120830 |g PSBO | |
| 942 | |c BK | ||